000 00436nam a2200157Ia 4500
005 20250508165609.0
008 008 250505s9999 xx 000 0 eng d
037 _aTextual
040 _aFEDL
_beng
_cFEDL
041 _aeng
_2eng
084 _a005.13, MIC
_qFEDL
245 0 _aMicrosoft Basic Compiler : for the ms Dos operating system
300 _a145p
942 _cTEXL
_h005.13, MIC
999 _c1396097
_d1396097